000 00524nam a22001697a 4500
003 SISC
005 20170110115614.0
008 170110b xxu||||| |||| 00| 0 eng d
020 _a9781118844182
050 _aT 58.5
_b.M414 2015
100 _aMassaron, Luca.
245 _aPython for data science for dummies /
_cby Luca Massaron and John Paul Mueller.
260 _aNew Jersey :
_bJohn Wiley & Sons, Inc.,
_c2015.
300 _axii, 418 pages :
_billustrations ;
_c24 cm.
500 _aIncludes index.
942 _2lcc
_cBK
999 _c305381
_d305381